Statistics for Best National Parks in the World

Click here to take the quiz!

General Stats

  • This quiz has been taken 23 times
  • The average score is 7 of 20

Answer Stats

HintAnswer% Correct
USAYellowstone
100%
USAYosemite
86%
USAGrand Canyon
50%
USARocky Mountain National Park
45%
South AfricaKruger National Park
45%
USAGlacier National Park
41%
USAZion National Park
41%
TanzaniaSerengeti National Park
36%
CanadaJasper National Park
36%
USAArches National Park
36%
USAOlympic National Park
32%
USASequoia National Park
27%
ChileTorres Del Paine National Park
23%
USAGrand Teton National Park
23%
New ZealandFiordland National Park
18%
USABryce Canyon National Park
14%
SwitzerlandSwiss National Park
14%
ChinaGuilin and Lijiang River National Park
9%
AustraliaUluru-Kata Tjuta National Park
9%
USAHawai'i Volcanoes National Park
9%

Score Distribution

Percentile by Number Answered

Percent of People with Each Score

Your Score History

You have not taken this quiz